00501nam a22001577a 450000500170000000800410001702000150005804100130007308200150008610000370010124500790013825000190021726000470023630000350028365000250031820231128123018.0231128b |||||||| |||| 00| 0 eng d a0702103098 aEnglish  a340.1 HAH  aHahlo, HR and Kahn, E lEnglish  aThe South African Legal System and its Background / cHR Hahlo and E Kahn  aFirst Edition  aCape Town : bJuta and Company Ltd, c1968 bxxxix, 603 pages ; c25,5 cm.  aLegal practice bLaw